Annual Reports of the Department of Agriculture for the year ended June 30, 1908. Report of the Secretary of Agriculture. Reports of chiefs.

Bibliographic Details
Corporate Authors: United States. Department of Agriculture, ProQuest (Firm)
Format: Government Document eBook
Language:English
Published: Washington : [publisher not identified], 1908.
Series:United States congressional serial set.
Subjects:
Online Access:Connect to the full text of this electronic book

MARC

Tag First Indicator Second Indicator Subfields
LEADER 00000cam a22000001a 4500
001 in00002805877
005 20190331181052.0
006 m o d
007 cr bn mmmapmmp
008 091228s1908 dcuad o f000 0 eng d
035 |a cis2004331303 
040 |a UMI  |c UMI  |d UtOrBLW 
043 |a n-us--- 
086 0 |a A 1.1:908 
099 |a ProQuest Serial Set Number 5480 H.doc.1047 
110 1 |a United States.  |b Department of Agriculture. 
245 1 0 |a Annual Reports of the Department of Agriculture for the year ended June 30, 1908. Report of the Secretary of Agriculture. Reports of chiefs. 
246 1 |a Annual report of Secretary of Agriculture, 1908 
264 1 |a Washington :  |b [publisher not identified],  |c 1908. 
300 |a 1 online resource. 
336 |a text  |b txt  |2 rdacontent 
337 |a computer  |b c  |2 rdamedia 
338 |a online resource  |b cr  |2 rdacarrier 
490 0 |a H.doc.1047 
500 |a Record is based on bibliographic data in ProQuest U.S. Serial Set Digital Collection (last viewed Dec. 2009). Reuse except for individual research requires license from ProQuest, LLC. 
510 3 |a ProQuest U.S. Serial Set Digital Collection 
500 |a Electronic resource. 
610 1 0 |a United States.  |b Department of Agriculture. 
650 0 |a Farm produce. 
650 0 |a Entomology. 
655 7 |a Electronic books.  |2 local 
710 2 |a ProQuest (Firm) 
830 0 |a United States congressional serial set. 
856 4 0 |u http://proxy.library.tamu.edu/login?url=http://congressional.proquest.com/congcomp/getdoc?SERIAL-SET-ID=5480+H.doc.1047  |z Connect to the full text of this electronic book  |t 0 
999 |a MARS 
999 f f |s 54851eef-5c1c-389f-814b-9db6883e0050  |i ef5166ff-bf92-35d6-a48b-e33915f4addc  |t 0 
952 f f |a Texas A&M University  |b College Station  |c Electronic Resources  |d Available Online  |t 0  |e ProQuest Serial Set Number 5480 H.doc.1047  |h Other scheme 
998 f f |a ProQuest Serial Set Number 5480 H.doc.1047  |t 0  |l Available Online